| 000 | 00344nam a2200145Ia 4500 | ||
|---|---|---|---|
| 008 | 150301s2014 xx 000 0 und d | ||
| 082 |
_a617.7 _bC14K |
||
| 100 | _aKHURANA, A.K. | ||
| 245 | _aCOMPREHENSIVE OPHTHALMOLOGY | ||
| 250 | _a5TH | ||
| 260 |
_bNEW AGE. _aINDIA _c2014 |
||
| 300 | _a637 | ||
| 650 | _aOPHTHALMOLOGY | ||
| 942 |
_2ddc _cBK _048 |
||
| 999 |
_c6729 _d6729 |
||